Hodnotenie verejnej podpory univerzít diplomová práca

Salvato in:
Dettagli Bibliografici
Autore principale: Plaskúrová, Petra
Ente Autore: Národohospodárska fakulta EU. Katedra verejnej správy a regionálneho rozvoja
Altri autori: Némethová, Valéria, 1987-
Natura: Libro
Lingua:slovacco
Pubblicazione: Bratislava 2022
Tags: Aggiungi Tag
Nessun Tag, puoi essere il primo ad aggiungerne!!

MARC

LEADER 00000nbm a2200000 4500
001 0284107
005 20230307102126.7
041 0 |a slo 
044 |a SK 
245 1 0 |a Hodnotenie verejnej podpory univerzít  |b diplomová práca  |c Petra Plaskúrová ; školiteľ: Valéria Némethová 
264 1 |a Bratislava  |c 2022 
300 |a 82 s. 
100 1 |a Plaskúrová, Petra 
700 1 |a Némethová, Valéria, 1987- 
710 2 |a Národohospodárska fakulta EU. Katedra verejnej správy a regionálneho rozvoja